[Event "Wch U20 43rd"]
[Site "Cochin"]
[Date "2004.11.27"]
[Round "11"]
[White "Bhatti, Ranveersingh"]
[Black "Cereijo, Nicolas"]
[Result "1-0"]
[WhiteElo "2195"]
[BlackElo "2120"]
[PlyCount "57"]
[EventDate "2004.11.20"]
[EventType "swiss"]
[EventRounds "13"]
[EventCountry "IND"]
[SourceTitle "CBM 103 Extra"]
[Source "ChessBase"]
[SourceDate "2005.01.01"]
[SourceVersion "1"]
[SourceVersionDate "2005.01.01"]
[SourceQuality "1"]

1. d4 d5 2. c4 c6 3. Nf3 Nf6 4. Nc3 dxc4 5. a4 Bf5 6. e3 e6 7. Bxc4 Bb4 8. 0-0 Nbd7 9. Nh4 0-0 10. f3 Bg6 11. e4 e5 12. Nxg6 hxg6 13. Be3 Qe7 14. Kh1 exd4 15. Bxd4 Ne5 16. Bxe5 Qxe5 17. Qb3 a5 18. Rad1 Qe7 19. Ne2 Nd7 20. Qc2 Rad8 21. Ng3 Qc5 22. Qe2 Qe7 23. f4 Nc5 24. f5 Rxd1 25. Rxd1 gxf5 26. Nxf5 Qxe4 27. Ne7+ Kh8 28. Qh5+ Qh7 29. Qxf7 1-0

[Event "Wch U20 43rd"]
[Site "Cochin"]
[Date "2004.11.22"]
[Round "5"]
[White "Mishra, Soumyaranjan"]
[Black "Bhatti, Ranveersingh"]
[Result "1/2-1/2"]
[WhiteElo "2299"]
[BlackElo "2195"]
[PlyCount "100"]
[EventDate "2004.11.20"]
[EventType "swiss"]
[EventRounds "13"]
[EventCountry "IND"]
[SourceTitle "CBM 103 Extra"]
[Source "ChessBase"]
[SourceDate "2005.01.01"]
[SourceVersion "1"]
[SourceVersionDate "2005.01.01"]
[SourceQuality "1"]

1. e4 c5 2. Nf3 Nc6 3. Bb5 e6 4. 0-0 Nge7 5. Re1 a6 6. Bf1 d5 7. e5 Ng6 8. c3 d4 9. cxd4 Nxd4 10. Nc3 Be7 11. d3 0-0 12. g3 Nxf3+ 13. Qxf3 f6 14. exf6 Bxf6 15. Qh5 Bd4 16. Be3 Rf5 17. Qd1 Ne5 18. Bg2 Bxe3 19. Rxe3 Qd4 20. Be4 Rf7 21. Bxh7+ Kxh7 22. Qh5+ Kg8 23. Qxe5 Qb4 24. Ne4 Bd7 25. a3 Qb6 26. Nxc5 Bc6 27. b4 a5 28. Ree1 axb4 29. axb4 Raf8 30. Qxe6 Qxb4 31. Ne4 Qd4 32. Qc4 Qxc4 33. dxc4 Bxe4 34. Rxe4 Rxf2 35. Rb1 R8f7 36. Rbe1 Rc2 37. R1e2 Rc1+ 38. Kg2 Rc7 39. Rb2 R1xc4 40. Rxc4 Rxc4 41. Rxb7 Rc2+ 42. Kg1 Kh7 43. Rf7 Kh6 44. Rf2 Rc3 45. Kg2 g6 46. Kh3 Kh5 47. Rd2 Ra3 48. Rd5+ g5 49. Rf5 Rb3 50. Rd5 Ra3 1/2-1/2